Plus grands que l'amour /

Zapisane w:
Opis bibliograficzny
1. autor: Lapierre, Dominique (autor)
Format: Książka
Język:francuski
Wydane: París, Francia : Robert Laffont, 1990, c1990
Hasła przedmiotowe:
Etykiety: Dodaj etykietę
Nie ma etykietki, Dołącz pierwszą etykiete!

MARC

LEADER 00000nam^a2200000^a^4500
001 000186799
005 20250522171359.0
009 20260310102240.127
020 |a 2-221-05703-1 
037 |a Acervo ITESO - Biblioteca 
041 |a FRA 
082 |a 843.  |b LAP 
100 |a Lapierre, Dominique  |e (autor) 
240 1 1 |a [Más grande que el amor] 
245 1 0 |a Plus grands que l'amour /  |c D. Lapierre. 
264 4 |a París, Francia :  |b Robert Laffont,  |c 1990, c1990 
300 |a 441 p. 
336 |a texto  |b txt  |2 rdacontenido 
337 |a sin mediación  |b n  |2 rdamedio 
338 |a volumen  |b nc  |2 rdasoporte 
545 0 |a Dominique Lapierre (Châtelaillon-Plage, 1931 – Sainte Maxime, 2022), escritor y filántropo francés. Fue corresponsal en la Guerra de Corea (1950-53) y trabajó después druante catorce años como reportero de Paris Match (1956-70), semanario francés para el que cubrió los grandes conflictos de la Guerra Fría. Su oficio periodístico y el encuentro con su colega Larry Collins le permitieron crear libros de gran éxito, a medio camino entre el reportaje y la ficción, traducidas a numerosos idiomas y algunas de ellas llevadas al cine, como: La Ciudad de la Alegría (1985, Premio Vérité 1986), Más grande que el amor (1990), Mil soles (1997, Premio de las Naciones Unidas para la Paz) y con Collins, ¿Arde París? (1965), Oh, Jerusalén (1971), Esta noche, la libertad (1975) y El quinto jinete (1985). 
649 |a XX 
650 |a Novela Francesa 
650 |a Literatura y Sociedad -  |z Francia 
650 |a Literatura y Periodismo -  |z Francia 
650 |a Literatura Francesa -  |y Siglo XX 
650 |a SIDA en la Literatura 
650 |a SIDA -  |x Aspectos Sociales y Culturales 
650 |a SIDA -  |x Tema Principal 
910 |a Fondo General 
920 |a Impresos - Libros 
930 |a Colección General 
940 |a Literatura 
905 |a 101 
901 |a 0500128559  |b IT1  |c LIT  |u 20250521 
902 |a https://opac.biblio.iteso.mx/vufind/Record/000186799